00448 2200181 4500001002100000005001500021008004100036020002200077035001900099041000700118082000800125090001400133100001400147245004800161260002400209300001800233650001500251INLIS00000000001419120241224114710241224||||||||| | ||| |||| || |  a978-979-3714-82-0 0010-1224014191 aid0 a372 a372 TIM p0 aKONPRENSI00aPAKET 3 IN 1 SIAP ULANGAN Harian & Semester aBogorbHikmahc2009 a78hlm;21x29cm 0apendidikan